000 00676nam a2200289Ia 4500
005 20260401125918.0
008 008 300114s9999 xx 000 0 eng d
020 _a9789352868865
037 _aEBOOK
040 _aCRL
040 _beng
040 _cCRL
041 _2eng
041 _aeng
084 _qCRL
100 _aRoy; Singh
_91234012
245 0 _aIndian Political System, 4e
250 _a4
260 _bPearson
260 _c2018
365 _b57750
650 _aPolitical Science
856 _uhttps://admin.elibrary.in.pearson.com/api/1.0/org/24122025/launchlibrary
942 _cEBOOK
999 _c1847936
_d1847936